• 首页
  • 本馆介绍
  • 公告通知
  • 最新文献
  • 馆藏检索
  • 电子资源
  • 读者导购
  • 参考咨询
  • 我的图书馆
  • 登录
  • 详细信息显示
  • 放入我的书架
  • 预约/预借图书
  • 作者相关作品
  • 分类相关作品
  • 丛书相关作品
  • 出版社相关作品

书目信息

  • 表格格式
  • 工作单格式
  • 卡片格式
题名:
西夏通史
    
 
作者: 李范文
分册:  
出版信息: 北京   人民出版社  2005
页数: 725
开本: 26 cm
丛书名:
单 册:
中图分类: K222
科图分类:
主题词: 中国--古代史--奴隶社会
电子资源:
ISBN: 7-227-02974-3
000 00483nam0 2200181 450
001 0757995392
005 20071007160635.39
010    @a7-227-02974-3@d168
100    @a20071007d km y0chiy0120 ea
101 0  @achi
200 1  @a西夏通史@Axi xia tong shi@f李范文@Fli fan wen
210    @a北京@c人民出版社@d2005
215    @a725@d26 cm
606 0  @a中国@x古代史@x奴隶社会
690    @aK222@v3
701  0 @a李范文@Ali fan wen
801  0 @aCN@bPFT@c20071007
905    @a213230@dK222@ea1@f1
    
    西夏通史/李范文.-北京:人民出版社,2005
    725;26 cm
    
    
    ISBN 7-227-02974-3:168
    
●
相关链接 在E读中查询图书 在五车中查询图书 在当当中查询图书 在豆瓣中查询图书


正题名:西夏通史     索取号:K222/a1         预约/预借

序号 登录号 条形码 馆藏地/架位号 状态 备注
1 7507034   275070343   史法系资料室/ [索取号:K222/a1] 在馆    
唐山师范学院图书馆 欢迎您!
大连网信软件有限公司© 版权所有